000 00596nam a2200169 i 4500
001 58576
003 ES-MaACL
005 20230906163835.0
007 t|
008 031023s1977 sp ||||1| spa d
100 1 _aDuro Peña, Emilio.
_946310
245 1 3 _aEl Monasterio de San Esteban de Ribas de Sil /
_cEmilio Duro Peña.
260 _aOrense :
_bInstituto de Estudios Orensanos Padre Feijoo,
_c1977.
300 _a486 p., 29 lám. ;
_c25 cm.
610 2 4 _aMonasterio de San Esteban de Ribas de Sil (Nogueira de Ramuín)-
_vHistoria-
_vFuentes.
_9170170
852 _aES-MaACL
_jA-8164
_bR.97053
999 _c58576
_d58576